00736nam a2200181Ia 4500003000900000008004100009040001600050080001700066100003300083245016700116260003800283300001300321650002800334650003900362942000700401999001500408952013100423IN-BaIIA211028s9999 xx 000 0 eng d cIIA Library a(038)=3bCON aCondoyannis, George E.93600 0aScientific Germanba concise description of the structural elements of scientific and technical GermancGeorge E. Condoyannis  aNew YorkbJohn Wiley & Sonsc1957 ax, 164p. aGerman Dictionary93601 aScientific German Dictionary93602 cBK c1881d1881 00104070aBANbBANcGENd0000-00-00g56.25l0o(038)=3/ CONp2067r2021-11-05v56.25w0000-00-00yBKGRs. 56.25